African Capitals on a Map - Whammies - Statistics

General Stats
  • This quiz has been taken 512 times
    120 since last reset
  • The average score is 23 of 56
Answers on the Map
Answers color-coded by a green-red scale on the quiz's map according to % correct below.
 
Answer Stats
Country Capital % Correct
Egypt Cairo
59%
Angola Luanda
56%
Tunisia Tunis
56%
Mali Bamako
52%
Nigeria Abuja
51%
Congo (Dem. Rep.) Kinshasa
51%
Morocco Rabat
51%
Ethiopia Addis Ababa
48%
South Africa Cape Town
48%
Senegal Dakar
48%
Namibia Windhoek
48%
Zimbabwe Harare
46%
Kenya Nairobi
46%
Algeria Algiers
44%
Madagascar Antananarivo
44%
Congo (Rep.) Brazzaville
44%
Tanzania Dodoma
44%
Sudan Khartoum
44%
Liberia Monrovia
44%
Côte d'Ivoire Yamoussoukro
44%
Guinea-Bissau Bissau
43%
South Africa Pretoria
43%
Botswana Gaborone
43%
South Sudan Juba
43%
Uganda Kampala
43%
Togo Lome
43%
Niger Niamey
43%
Cape Verde Praia
43%
Cameroon Yaoundé
43%
Burkina Faso Ouagadougou
41%
Seychelles Victoria
41%
Ghana Accra
39%
Guinea Conakry
39%
Burundi Gitega
39%
Rwanda Kigali
39%
Zambia Lusaka
39%
Somalia Mogadishu
39%
Mauritius Port Louis
39%
São Tomé and Príncipe São Tomé
39%
Libya Tripoli
39%
Eritrea Asmara
38%
Djibouti Djibouti
38%
Sierra Leone Freetown
38%
Mozambique Maputo
38%
Chad N'Djamena
38%
Mauritania Nouakchott
38%
Central African Republic Bangui
36%
Gambia Banjul
36%
South Africa Bloemfontein
36%
Gabon Libreville
34%
Equatorial Guinea Ciudad de la Paz
31%
Benin Porto-Novo / Cotonou
31%
Malawi Lilongwe
31%
Eswatini Mbabane
31%
Comoros Moroni
31%
Lesotho Maseru
28%
No matching quizzes found
Score Distribution
Percent of People with Each Score
Percentile by Number Answered
Your Score History
You have not taken this quiz since the last reset